000 00343nam a22001577a 4500
003 SGT
020 _a9788175346123
082 _a346.820954,GUP
100 _aGUPTA,S.N
245 _aSUPREME COURT ON BANKING LAW
250 _a5TH
260 _aNEW DELHI
_bUNIVERSAL BOOKS
_c2007
300 _a735
650 _a BANKING LAW
942 _2ddc
_cBK
999 _c9745
_d9745